| 000 | 00473cam a2200193ua 4500 | ||
|---|---|---|---|
| 020 | _c2.50 | ||
| 041 |
_amal _h |
||
| 082 |
_a894.8121 _bEZH/SU |
||
| 100 | _aEzhuthachan, . | ||
| 245 |
_aSundarakandam / _cEzhuthachan. _hTextual Documents |
||
| 260 |
_a : _bT.B.S , _c1970. |
||
| 300 | _a133 ; . | ||
| 365 | _a2.50 | ||
| 440 | 0 |
_aPurana kavyamala series, _v _x; |
|
| 490 | 0 |
_aPurana kavyamala series, _v _x; |
|
| 504 | _a | ||
| 942 | _cBK | ||
| 999 |
_c1242 _d1242 |
||